Greek Mythology in Society Quiz Stats

Quiz Updated Nov 4, 2012

Challenge
Share
Tweet
Embed
Score 0/18 Timer 05:00
0 Plays Today
Societal Description Figure % Correct
Just Do ItNike
95.4%
First name of famous tennis sisterVenus
94.8%
Candy maker that brought you M&M'sMars
91.3%
Trust their touch for brakesMidas
90.4%
Chemical element historically used in thermometersMercury
89.5%
Online retailer known for its Kindle e-readerAmazon
88.7%
Home of the Suns, Coyotes, Diamondbacks, and CardinalsPhoenix
88.3%
Loud ringing sound usually used for tornado or other major alertsSiren
86.3%
Sixth planet from the sunSaturn
85.6%
Societal Description Figure % Correct
The gum that four out of five dentists recommendTrident
84.8%
Film starring Ellen Page as a pregnant teenJuno
83.8%
Formerly known as the OilersTitans
80.9%
Most effective means of birth control...after abstinenceTrojan
76.7%
Set of golf clubsOdyssey
74%
Mascot of Michigan State UniversitySpartan
72.5%
Online radio with playlists that suit your listening needsPandora
68.7%
Popular household cleaner or Dutch football clubAjax
55.7%
Group of insurance companiesAegis
23.5%

You're not logged in!

Compare scores with friends on all Sporcle quizzes.
Sign Up with Email
OR
Log In

You Might Also Like...

Show Comments

Extras

Top Quizzes Today


Score Distribution

Your Account Isn't Verified!

In order to create a playlist on Sporcle, you need to verify the email address you used during registration. Go to your Sporcle Settings to finish the process.